地下鉄の駅がある市区町村 - Statistics

General Stats
  • This quiz has been taken 4 times
    3 since last reset
  • The average score is 41 of 43
Answer Stats
Answer % Correct
札幌市
100%
仙台市
100%
浦安市
100%
足立区
100%
葛飾区
100%
江戸川区
100%
北区
100%
荒川区
100%
台東区
100%
墨田区
100%
江東区
100%
中央区
100%
板橋区
100%
豊島区
100%
文京区
100%
千代田区
100%
港区
100%
品川区
100%
中野区
100%
新宿区
100%
渋谷区
100%
練馬区
100%
杉並区
100%
目黒区
100%
和光市
100%
横浜市
100%
名古屋市
100%
京都市
100%
宇治市
100%
大阪市
100%
吹田市
100%
守口市
100%
門真市
100%
東大阪市
100%
八尾市
100%
堺市
100%
神戸市
100%
福岡市
100%
市川市
67%
大田区
67%
日進市
67%
船橋市
33%
藤沢市
33%
No matching quizzes found
Score Distribution
Percent of People with Each Score
Percentile by Number Answered
Your Score History
You have not taken this quiz since the last reset